01395cam a2200349 i 450000100090000000300040000900500170001300800410003001000170007102000180008802000310010602000260013704000280016304100130019104200080020405000260021208200190023810000450025724000320030224500870033425000190042126400370044030000230047733600260050033700280052633800270055452002220058165500290080365500190083270000400085177601540089122765600OSt20231007131129.0220825s2023 nyu 000 1 eng  a 2022040939 a9781782279563 a9781662601392q(hardcover) z9781662601408q(epub) aDLCbengerdacDLCdDLC1 aenghita apcc00aPQ4809.E75bQ313 202300a853.914bCES/F1 aDe Céspedes, Alba,d1911-1997eauthor.10aQuaderno proibito.lEnglish10aForbidden notebook :ba novel /cAlba de Céspedes ; translated by Ann Goldstein. aFirst edition. 1aNew York :bAstra House,c[2023] a259 pages ;c24 cm atextbtxt2rdacontent aunmediatedbn2rdamedia avolumebnc2rdacarrier a"In this modern translation and exquisitely crafted portrayal of domestic life, Forbidden Notebook centers the inner life of a dissatisfied housewife, Valeria Cossati, living in postwar Rome"--cProvided by publisher. 7aDomestic fiction.2lcgft 7aNovels.2lcgft1 aGoldstein, Ann,d1949-etranslator.08iOnline version:aDe Céspedes, Alba, 1911-1997.tForbidden notebookbFirst edition.dNew York : Astra House, [2023]z9781662601408w(DLC) 2022040940